000 00303nam a2200121Ia 4500
008 241028s9999 xx 000 0 und d
041 _aeng
082 _a658.15 KAP
100 _aKapil
245 _aFinancial Valuation And Modelling
260 _bWiley India
_aNew Delhi
_c2022
300 _a504;. P. 23 cm
999 _c43081
_d43081